000 00571nam a2200205Ia 4500
005 20250505145659.0
008 008 250505s9999 xx 000 0 eng d
037 _aTextbook
040 _aFML
_bhin
_cFML
041 _ahin
_2hin
084 _a NR44a R3
_qFML
100 _aMalviya, Shraddha
_9754184
245 0 _aBhartiya Sangeetgya Avam Sangeet Grantha
260 _aNew Delhi , India
_bKanishka Pub. Dist.
_c2023
300 _a254p
365 _aINR
_b990
650 _aMusic
942 _cTB
_h NR44a R3
999 _c1311389
_d1311389